| 000 | 01133cam a2200349 a 4500 | ||
|---|---|---|---|
| 001 | 4198 | ||
| 003 | FISKH | ||
| 005 | 20240627083316.0 | ||
| 008 | 881128t19891937nyua j 000 1 eng | ||
| 010 | _a 88038411 | ||
| 020 | _a0394944941 (lib. bdg.) | ||
| 020 | _a9780007169924 | ||
| 020 | _a0394844947 (hard) | ||
| 040 |
_aDLC _cDLC _dDLC _beng |
||
| 042 | _alcac | ||
| 050 | 0 | 0 | _aPZ8.3.G276 |
| 082 | _a813.54 | ||
| 100 | 1 |
_aSeuss, _cDr. |
|
| 245 | 1 | 0 |
_aAnd to think that I saw it on Mulberry Street / _cby Dr. Seuss. |
| 250 | _aThis edition published in the UK 1971 | ||
| 260 |
_aNew York : _bHarperCollins Children's Book, _c1937. |
||
| 300 |
_a30 unnumbered pages : _bcolor illustrations ; _c23 cm |
||
| 505 | _aJ | ||
| 520 | _aA boy imagines a series of incredible sights on his way home from school so that he will have an interesting report to give his father. | ||
| 521 | 8 |
_a500
_bLexile estimate |
|
| 521 | 8 |
_aJ
_bRaz-Plus |
|
| 650 | 1 |
_aImagination _xFiction. |
|
| 650 | 1 | _aStories in rhyme. | |
| 906 |
_a7 _bcbc _corignew _d1 _eocip _f19 _gy-gencatlg |
||
| 942 |
_2ddc _cBK _n0 |
||
| 999 |
_c4198 _d4198 |
||